00920nam a2200241Ia 4500001000600000003000900006008004100015040001300056040001300069041001200082100001600094100002900110245005600139245006400195250001100259260001300270260003200283260004900315300005500364500020400419650002400623650003100647F0343IT-RoPAU130308s9999 xx 000 0 und d aIT-RoPAU cIT-RoPAU aINGLESE aKomoto Taro gCodice Aut. SPICS: 50144 aJapanese Views on Unified Worlwide Standard for Dab bFirst International Simposium On Digital Audio Broadcasting a1a ed. aSVIZZERA bEuropean Broadcasting Union c1992 [1° Ed.:1992 - Ed.Ling.Originale:1992] a"9 p. (prefazione: no ; testo: 9 [pagine: 33-41])" aSguardo giapponese su Standard Mondiale Unico per Radio Diffusione Digitale (Dab). Situazione Dello Sviluppo della Radio Diffusione Digitale in Giappone. Problemi tecnici del Sistema di Trasmissione. aTECNICA RADIOFONICA eCodice materia Spics: 6902